000
00292nam a22001337a 4500
008
171002b xxu||||| |||| 00| 0 eng d
020
_a
9780534095468
041
_a
eng
080
_a
15939
100
_a
48
101
_a
PSI
245
_a
PROFESIONAL ETHICS
_c
BAYLES.M.D
942
_2
udc
_c
BK
999
_c
31225
_d
31225